| 000 | nam a22 a 4500 | ||
|---|---|---|---|
| 999 |
_c2125 _d2125 |
||
| 003 | AKMAL | ||
| 005 | 20170515121509.0 | ||
| 008 | 170515s1950 my 00 may d | ||
| 040 | _aAKMAL | ||
| 082 | 0 | 4 | _a356.1 RES |
| 090 | 0 | 0 |
_a356.1 _bRES |
| 245 | 0 | 0 | _aResalah Melayu dalam darurat. |
| 246 | _aRisalah berkenaan Malaya (Persekutuan Tanah Melayu dan jajahan Singapura) dan dharurat | ||
| 260 |
_a(Kuala Lumpur) : _b(s.n.), _c(1950) |
||
| 300 | 0 | 0 |
_a121ms. ; _billustrated. ; _c18cm |
| 500 | _aTeks dalam tulisan jawi | ||
| 651 | 0 |
_aMalaysia _xHistory _9434 |
|
| 651 | 0 |
_aMalaysia _xHistory _yMalayan emergency, 1948-1960 _94424 |
|
| 942 |
_2ddc _cBOOK |
||
| 950 | _lAKMAL | ||